Statistiques concernant Les héros des Avengers - MCU

Cliquez ici pour prendre le quiz!

Statistiques générales

  • Ce quiz a été pris 305 fois
  • Le résultat moyen est 13 sur 14

Statistiques - réponses

DescriptionSuperhéros% Correct
Géant vert (le superhéros hein pas la marque de maïs)Hulk
100%
Dieu du tonnerre aux cheveux soyeux, héritier du trône d'AsgardThor
100%
Milliardaire excentrique à l'armure de ferIron Man
99%
La version plus dark de la Panthère RoseBlack Panther
96%
Il avait le choix entre toutes les armes et ce guignol a choisi un bouclierCaptain America
96%
Tony Stark est son mentorSpider-man
95%
Ancienne agent secret de l'URSS méga bonneVeuve noire
94%
Il se tape Wanda Maximoff dans Infinity WarVision
92%
Son seul pouvoir c'est le tir à l'arc miskineOeil de Faucon
90%
Gros méchant violet pas gentilThanos
89%
Futur Captain AmericaFaucon
82%
Copie d'Iron Man, sauf que l'acteur est noirWar Machine
81%
Cobaye d'une expérience de l'URSS, a tué les parents de Tony Stark, et a failli tuer Captain America mais t'inquiète c'est un gentilBucky Barnes
80%
Elle faisait partie des antagonistes pendant une partie d'Avengers : Ère d'UltronWanda Maximoff
76%

Distribution des résultats

Percentile par nombre de réponses

% des personnes avec chaque résultat

Votre développement - résultats

Vous n’avez pas pris ce quiz